000 00598nam a22001937a 4500
003 OSt
005 20250711065725.0
008 250711b |||||||| |||| 00| 0 eng d
020 _a9789351158998
040 _aDWCL - Main lib
_cOC
082 _aCirc. 696.1 P734 2016
100 _a3G ELearning FZ LLC
245 _aPlumbing :
_bbeginner/
_c3G ELearning FZ LLC
260 _aUAE :
_b3G Elearning FZ LLC,
_cc2016.
300 _a302 pages :
_bcolor illustrations ;
_c30 cm. + 1 DVD (sd., color ; 4 3/4 in.)
504 _aIncludes index.
650 _a1. Plumbing.
942 _2ddc
_cBK-CIRC
_kCirc.
_n0
999 _c3627
_d3627